000 00642cam a22002171a 4500
001 9815455
005 20180309072613.0
008 731113s1957 dcu f f001 0 eng
010 _a 57060793
035 _a(OCoLC)740139
040 _aDLC
_cOYU
_dOCoLC
_dMoSU-L
_dDLC
041 _aeng
043 _an-us---
080 _a338.0012 BRU
082 0 0 _a338.0012 BRU
100 _a54
101 _aMEN
245 0 0 _aStandard industrial classification manual /
_cprepared by the Technical Committee on Industrial Classification Office of Statistical Standards.
906 _a7
_bcbc
_coclcrpl
_du
_encip
_f19
_gy-gencatlg
942 _2ddc
_cBK
999 _c44577
_d44577